01123nam a22003257a 4500003000500000005001700005008004100022010001000063011001000073035001000083040000900093082002100102100003700123245003600160250001000196260004800206300001900254590004100273590004100314590004100355590004200396650004500438650004000483700002800523901000700551942001000558949007100568999001700639952014100656CHAP20220329140248.0971013s1979 r 00010 d a49390 a50362 a54512 cCHAP a330.973bR6 197900aRobertson, Ross Marshall.997963 aHistory of the american economy a4 ed. aNew York :bHacourt Brace Jovanovich,c1979 a586 p.b: ilus aBATCH-UPDb10c20130110lUCH01h0313 aBATCH-UPDb10c20130409lUCH01h2346 aBATCH-UPDb10c20130914lUCH01h1225 aCONVERSIONb10c20130109lUCH01h132714aE.U.A.xCondiciones económicas.93483814aHistoria económicaxE.U.A.9556270 aWalton, Gary M.9120992 aBK cLIBRO a330.973 R6 1979bBCcLIBROd33724000330643eLIBROh51796i54512si c49390d49390 00102ddc4052708GRALaBCbBCcPA_GRALd2019-12-31fLIBROl0o330.973 R6 1979p33724000330643r2019-12-31 00:00:00w2019-12-31yLIBRO